000 00342nam a2200133Ia 4500
008 100328s9999 xx 000 0 und d
082 _b36275
100 _aकर्णिक हेमन.
245 _aनंबर वन
260 _bराहुल
630 _aनंबर वन
730 _aनंबर वन
942 _cBOOK
999 _c525980
_d525977